000 00593nam a22001937a 4500
008 131007b xxu||||| |||| 00| 0 ger d
020 _a9783540540502
041 0 _ager
080 _a004.2
100 1 _aMuller-Schloer, Christian
245 1 0 _aRisc-Workstation-Architekturen
_cMuller-Schloer, Christian
260 _aBerlin
_aNew York
_bSpringer Verlag
_c1991
300 _a556 f.
_billustr.
_c24 cm
500 _aParathenie [VII]-VIII
650 0 _aKompjutera - Programim - Softuer
650 0 _aArkitektura
700 1 _aSchmitter, Ernst
942 _2udc
_cBK
999 _c37
_d37